000 00701nam a2200217 i 4500
001 93005
003 ES-MaACL
005 20230906181115.0
007 t|
008 050406s1978 sp ||||1| spa d
245 0 0 _aLocos de desatar /
_cSilvano Agosti, Marco Bellocchio, Sandro Petraglia; traducción: Nina Alejandrino y otro; supervisión: Carmen Sáez.
260 _aBarcelona :
_bAnagrama,
_c1978.
300 _a201 p. ;
_c20 cm.
490 1 _aCinemateca Anagrama
700 1 _aAgosti, Silvano.
_918573
700 1 _aAlejandrino, Nina.
_919698
700 0 _aSáez, Carmen.
_9101349
830 0 _aCinemateca Anagrama
_9184158
852 _aES-MaACL
_jA-8503
_bR.97405
999 _c93005
_d93005